جمهرة توقيعات العرب / (رقم التسجيلة. 82512)
[ عرض عادي ]
| 000 -LEADER | |
|---|---|
| fixed length control field | 00489nam a22001697a 4500 |
| 005 - DATE AND TIME OF LATEST TRANSACTION | |
| control field | 20251108172546.0 |
| 008 - FIXED-LENGTH DATA ELEMENTS--GENERAL INFORMATION | |
| fixed length control field | 250721s2000 xx 000 0 ara d |
| 082 14 - DEWEY DECIMAL CLASSIFICATION NUMBER | |
| Classification number | م/808.06/درو |
| 100 1# - MAIN ENTRY--PERSONAL NAME | |
| Personal name | الدروبي، محمد محمود |
| 245 10 - TITLE STATEMENT | |
| Title | جمهرة توقيعات العرب / |
| 264 1# - PRODUCTION, PUBLICATION, DISTRIBUTION, MANUFACTURE, AND COPYRIGHT NOTICE | |
| Place of production, publication, distribution, manufacture | العين : |
| Name of producer, publisher, distributor, manufacturer | مركز زايد للتراث، |
| Date of production, publication, distribution, manufacture, or copyright notice | 2000. |
| 300 ## - PHYSICAL DESCRIPTION | |
| Extent | 2ج. |
| 650 17 - SUBJECT ADDED ENTRY--TOPICAL TERM | |
| Topical term or geographic name as entry element | الأدب العربي |
| 650 17 - SUBJECT ADDED ENTRY--TOPICAL TERM | |
| Topical term or geographic name as entry element | الإنشاء |
| 942 ## - ADDED ENTRY ELEMENTS (KOHA) | |
| Source of classification or shelving scheme | Dewey Decimal Classification |
| Koha item type | مراجع |
| حالة السحب | حالة الفقدان | مصدر التصنيف | حالة التلف | غير قابل للإعارة | المكتبة الرئيسية | المكتبة الحالية | موقع الرف | تاريخ التزويد | الرقم المتسلسل | Total Checkouts | رقم الإستدعاء | الباركود | تاريخ آخر ظهور | تاريخ الفاتورة | نوع المادة (كوها) |
|---|---|---|---|---|---|---|---|---|---|---|---|---|---|---|---|
| Dewey Decimal Classification | Not For Loan | مكتبة الأميرة ايمان العامة | مكتبة الأميرة ايمان العامة | مراجع | 06/10/2013 | 504168 | م/808.06/درو | PLD00282271 | 28/07/2025 | 06/10/2013 | مراجع | ||||
| Dewey Decimal Classification | Not For Loan | مكتبة الحسن العامة | مكتبة الحسن العامة | مراجع | 01/04/2019 | 504198 | م/808.06/درو | PLD00448027 | 28/07/2025 | 01/04/2019 | مراجع | ||||
| Dewey Decimal Classification | Not For Loan | مكتبة الحسن العامة | مكتبة الحسن العامة | مراجع | 01/04/2019 | 504223 | م/808.06/درو | PLD00448028 | 28/07/2025 | 01/04/2019 | مراجع | ||||
| Dewey Decimal Classification | مكتبة حمزة العامة | مكتبة حمزة العامة | الإعارة | 03/06/2015 | 54199. | م/808.06/درو | PLD00328813 | 28/07/2025 | 03/06/2015 | مراجع |